| 000 | 01205nam a2200205 a 4500 | ||
|---|---|---|---|
| 003 | AM-YEHGA | ||
| 005 | 20260403152019.0 | ||
| 008 | 260304s1991 ir ||||r|||| 00||0 per d | ||
| 040 | _aAM-YEHGA | ||
| 041 | 0 | _aper | |
| 100 | 1 |
_aشریعتمداری، علی _cدکتر |
|
| 245 | 1 | 0 |
_aروانشناسی تربیتی / _cتالیف: دکتر علی شریعتمداری. |
| 246 | 3 | 1 | _aEducational psychology |
| 250 | _aچاپ پنجم | ||
| 260 |
_aتهران : _bمؤسسه انتشارات امیرکبیر, _c1991 [1370]. |
||
| 300 | _a540 p. | ||
| 650 | 1 | 4 | _aPsychology |
| 942 |
_2udc _cBK |
||
| 001 | 2052478 | ||
| 999 |
_c541839 _d541839 |
||